|
|
|
|
| LEADER |
00000cam a2200000 7i4500 |
| 001 |
0000003815 |
| 005 |
20110713.0 |
| 020 |
0 |
0 |
|a 9833109144
|
| 090 |
0 |
0 |
|a 658.3
|b ABD 2006
|
| 100 |
1 |
0 |
|a Abdullah bin Hj Ahmad Badawi,Dato' Seri
|c 1937-
|
| 245 |
1 |
0 |
|a Pembangunan modal insan :
|b Koleksi ucapan Dato' Seri Abdullah Ahmad Badawi
|c Abdullah bin Hj. Ahmad Badawi
|
| 260 |
0 |
0 |
|a Kuala Lumpur :
|b INTAN ,
|c 2006
|
| 300 |
|
|
|a xxvii, 289 p. ;
|c 25 cm.
|
| 500 |
0 |
0 |
|a Included index
|
| 650 |
0 |
0 |
|a Human capital---Malaysia
|
| 650 |
0 |
0 |
|a Islam---Doctrines
|
| 650 |
0 |
0 |
|a Labor---Malaysia
|
| 998 |
|
|
|a JPSM
|
| 999 |
|
|
|a 007432
|b Monograph
|c Open Shelf
|e Default branch
|